1426 1434 1827 1309 1691 1715 1780 1697 1757 1131 1918 1159 1441 1213 1826 1547 1080 1289 1549 1981 1628 1254 1426 1885 1398 1810 1934 1852 1880 1259 1479 1958 1789 1466 1845 1578 1142 1879 1785 1752 1780 1498 1531 1087 1414 1116 1154 1453 1320 1280 1366 1637 1692 1078 1279 1659 1392 1772 1506 1333 1207 1814 1523 1305 1186 1007 1444 1062 1159 1612 1971 1497 1427 1285 1129 1854 1068 1699 1935 1435 1589 1674 1086 1168 1876 1685 1051 1208 1451 1412 1111 1917 1934 1771 1619 1989 1648 1240 1398 BCNSPRNW ULIB Ver.6.0+V

เปลี่ยนเป็นภาษาไทย

Change to English
 แสดงรายละเอียดบรรณานุกรม
  กลับหน้าหลัก

Brief Record : Get Marc (ISO 2709) : E-mail record : QR code < ปิดหน้าต่าง
LEADER : 00000nam 2200000uu 4500
001    13399108871
003     ULIB
008    110315s2543||||th 000 0 tha d
020    9743463615
060 04 WY100^bว648ป 2543
100 0  วิภา ปริญานุภาพ
245 10 ประเด็นสำคัญการพยาบาลในหอผู้ป่วยปี 2000 /^cวิภา ปริญานุภาพ
250    พิมพ์ครั้งที่ 1
260    กรุงเทพฯ :^bโรงพยาบาลเวชศาสตร์เขตร้อน คณะเวชศาสตร์เขตร้อนมหาวิทยาลัยมหิดล,^c2543
300    ก, 109 หน้า :^bภาพประกอบ ;^c21 ซม.
650  2 Nursing
650  7 การพยาบาล
710 2  มหาวิทยาลัยมหิดล. ^bคณะเวชศาสตร์เขตร้อน.^bโรงพยาบาลเวชศาสตร์เขตร้อน
945    ^p109^l0^i013896
945    ^p109^l0^i013895
945    ^p109^l0^i013893
945    ^p109^l0^i013892
945    ^p109^l0^i013891
945    ^p109^l0^i013894
995    ทศพร
999 ^a ใช้งานได้ทุกระบบ
รายการนี้ยังไม่มีแท็ก
คุณยังไม่ได้ล็อกอิน คุณสามารถมีกิจกรรมร่วมกับเว็บไซต์ได้ แต่ต้องล็อกอินก่อน ::
  ล็อกอิน

รายการสื่อสารสนเทศ

ลำดับที่ ประเภท เลขเรียก/บาร์โค้ด สถานที่ สถานะ
- ไม่พบข้อมูล -

รายการใกล้เคียง
    ผู้แต่ง [วิภา ปริญานุภาพ]

    หัวเรื่อง [Nursing]
    หัวเรื่อง [การพยาบาล]

BibComment


ยังไม่เคยถูกคอมเมนท์

คอมเมนท์ทรัพยากรรายการนี้
  คอมเมนท์: ประเด็นสำคัญการพย..


 Copyright 2026. Bcnsprnw @Library